000 00403nam a2200145 a 4500
001 000044467
005 20201002045409.0
008 140702s2004 dr a 000 0 spa d
040 _aDO-SdBNP
_bspacNPHU
082 _axxxx
_bxxxx
100 1 _aSantana, Eli
_972487
245 1 0 _aBienvenue /
_cEli Santana Eli.
260 _aSanto Domingo :
_bEditora Enoc,
_c199?
300 _a44 p. :
_bil., retrs. ;
_c21 cm.
999 _c43956
_d43956